000 00353nam a22001457a 4500
003 OSt
008 220609b ||||| |||| 00| 0 eng d
100 _aCHANDRAMOULI , Subramanian etc
245 _aBlockchain Technology
260 _aNew Delhi
_b University Press
_c2021
300 _a2021
310 _a672
650 _aB.Tech(CSE)
942 _2ddc
_cBK
999 _c11294
_d11294